000 00306nam a22001097a 4500
008 160518b xxu||||| |||| 00| 0 eng d
020 _a0803605358
041 _aeng
080 _a615
245 _aPharmacotherapeutics for nurse, practitioner, prescribers:
_cAnita Lee Wynne; Teri Moser Woo;
942 _2udc
_cBK
999 _c2212
_d2212